[Event "Schleswig-Holstein-ch Kandidaten"]
[Site "Bad Segeberg"]
[Date "2018.03.25"]
[Round "2"]
[White "Schlueter, Mike"]
[Black "Recklies, Volker"]
[Result "1/2-1/2"]
[WhiteElo "1902"]
[BlackElo "1850"]
[PlyCount "53"]
[EventDate "2018.03.24"]
[EventType "swiss"]
[EventRounds "9"]
[EventCountry "GER"]
[SourceTitle "EXT 2023"]
[Source "ChessBase"]
[SourceDate "2022.10.05"]
[SourceVersion "1"]
[SourceVersionDate "2022.10.05"]
[SourceQuality "1"]

1. d4 Nf6 2. Nf3 g6 3. Bf4 Bg7 4. e3 d6 5. Bc4 0-0 6. 0-0 Nbd7 7. Nbd2 Nh5 8. c3 Nxf4 9. exf4 e5 10. fxe5 dxe5 11. dxe5 Nxe5 12. Nxe5 Bxe5 13. Re1 Bg7 14. Nf1 Qh4 15. Qb3 Bd7 16. g3 Qf6 17. Bd5 Be6 18. Rad1 Rad8 19. Re3 Rd7 20. Bxe6 Rxd1 21. Qxd1 Qxe6 22. Rd3 Be5 23. Ne3 Re8 24. Rd8 Kf8 25. Rxe8+ Kxe8 26. Ng4 Bg7 27. Qd3 1/2-1/2

[Event "Schleswig Holstein-ch cand"]
[Site "Eckernfoerde"]
[Date "2016.03.24"]
[Round "7"]
[White "Recklies, Volker"]
[Black "Lewke, Burkhard"]
[Result "1/2-1/2"]
[WhiteElo "1819"]
[BlackElo "1722"]
[PlyCount "32"]
[EventDate "2016.03.19"]
[EventType "swiss"]
[EventRounds "9"]
[EventCountry "GER"]
[SourceTitle "EXT 2018"]
[Source "ChessBase"]
[SourceDate "2017.10.13"]
[SourceVersion "1"]
[SourceVersionDate "2017.10.13"]
[SourceQuality "1"]

1. d4 Nf6 2. Nf3 e6 3. Bf4 d5 4. e3 Bd6 5. Ne5 0-0 6. Nc3 a6 7. Bd3 c5 8. dxc5 Bxc5 9. 0-0 Nc6 10. Qf3 Bd6 11. Nxc6 bxc6 12. Bg5 Be7 13. Rad1 e5 14. Bf5 e4 15. Qh3 h6 16. Bxf6 Bxf6 1/2-1/2

[Event "Schleswig Holstein-ch cand"]
[Site "Eckernfoerde"]
[Date "2016.03.21"]
[Round "4"]
[White "Recklies, Volker"]
[Black "Wald, Rainer"]
[Result "0-1"]
[WhiteElo "1819"]
[BlackElo "1792"]
[PlyCount "112"]
[EventDate "2016.03.19"]
[EventType "swiss"]
[EventRounds "9"]
[EventCountry "GER"]
[SourceTitle "EXT 2018"]
[Source "ChessBase"]
[SourceDate "2017.10.13"]
[SourceVersion "1"]
[SourceVersionDate "2017.10.13"]
[SourceQuality "1"]

1. d4 Nf6 2. Nf3 g6 3. c4 Bg7 4. Nc3 0-0 5. e3 d6 6. Be2 Nbd7 7. 0-0 e5 8. Qc2 c6 9. b3 Re8 10. dxe5 dxe5 11. Bb2 a5 12. Rad1 Qc7 13. Ba3 Bf8 14. Bxf8 Nxf8 15. Rd2 Ne6 16. Rfd1 Nc5 17. e4 Bg4 18. h3 Bxf3 19. Bxf3 h5 20. Rd6 Kg7 21. Qd2 Ne6 22. Rd3 Rad8 23. Rxd8 Rxd8 24. Qe3 Nd4 25. g4 hxg4 26. hxg4 Qe7 27. Kg2 Nh7 28. Rh1 Ng5 29. Be2 Qf6 30. Qg3 Nxe2 31. Nxe2 Nxe4 32. Qe3 Ng5 33. Ng3 Rd4 34. Re1 Rf4 35. Qxe5 Rxf2+ 36. Kh1 Qxe5 37. Rxe5 Nf3 38. Re2 Rxe2 39. Nxe2 g5 40. Kg2 Ne5 41. Kg3 c5 42. Nc3 Nd3 43. Kf3 f6 44. Ke3 Ne5 45. Ne4 Nxg4+ 46. Ke2 b6 47. a3 Ne5 48. Nd6 Kg6 49. Nc8 Nd7 50. Ne7+ Kh5 51. Nd5 Kh4 52. b4 cxb4 53. axb4 a4 54. Nxb6 Nxb6 55. c5 Nd5 56. c6 a3 0-1

[Event "Schleswig Holstein-ch Seniors"]
[Site "Hanerau"]
[Date "2015.04.03"]
[Round "9"]
[White "Petersen, Markus"]
[Black "Recklies, Volker"]
[Result "0-1"]
[WhiteElo "1443"]
[BlackElo "1782"]
[PlyCount "76"]
[EventDate "2015.03.28"]
[EventType "swiss"]
[EventRounds "9"]
[EventCountry "GER"]
[SourceTitle "EXT 2018"]
[Source "ChessBase"]
[SourceDate "2017.10.13"]
[SourceVersion "1"]
[SourceVersionDate "2017.10.13"]
[SourceQuality "1"]

1. e4 c6 2. f4 d5 3. e5 Bf5 4. d4 e6 5. b3 Bb4+ 6. c3 Ba5 7. Nf3 Bxb1 8. Rxb1 Bxc3+ 9. Bd2 Bxd2+ 10. Qxd2 Ne7 11. Bd3 Qb6 12. Rc1 Nd7 13. Qc3 0-0 14. 0-0 Rfc8 15. b4 a5 16. a3 axb4 17. axb4 g6 18. Kh1 Ra4 19. Rb1 Rca8 20. Rfc1 Ra3 21. Qc2 Nf5 22. Bxf5 exf5 23. Qf2 Nf8 24. Re1 Ne6 25. g3 Qb5 26. Red1 Ra2 27. Qf1 Qa4 28. b5 Ra5 29. bxc6 Qxc6 30. Rdc1 Qd7 31. Rb6 Ra6 32. Rcb1 Rxb6 33. Rxb6 Qc7 34. Qb1 Ra1 35. Qxa1 Qxb6 36. Kg2 Qa6 37. Qb2 b5 38. Kf2 Qa4 0-1

[Event "Schleswig Holstein-ch Seniors"]
[Site "Hanerau"]
[Date "2015.04.01"]
[Round "4"]
[White "Isler, Benjamin"]
[Black "Recklies, Volker"]
[Result "0-1"]
[WhiteElo "1721"]
[BlackElo "1782"]
[PlyCount "50"]
[EventDate "2015.03.28"]
[EventType "swiss"]
[EventRounds "9"]
[EventCountry "GER"]
[SourceTitle "EXT 2018"]
[Source "ChessBase"]
[SourceDate "2017.10.13"]
[SourceVersion "1"]
[SourceVersionDate "2017.10.13"]
[SourceQuality "1"]

1. b4 d5 2. Bb2 Nf6 3. e3 Bf5 4. c4 e6 5. a3 Be7 6. Nf3 0-0 7. Be2 h6 8. d3 c6 9. Nbd2 Na6 10. Qc2 Ne8 11. e4 Bh7 12. Qc3 c5 13. bxc5 Nxc5 14. e5 Na4 15. Qb3 Nxb2 16. Qxb2 b6 17. d4 Rc8 18. cxd5 Qxd5 19. 0-0 Rc2 20. Qb5 Nc7 21. Qa4 a6 22. Bc4 Qb7 23. Qb3 Nd5 24. Bxa6 Qxa6 25. Rac1 Rfc8 0-1

[Event "Schleswig-Holstein-ch Kandidaten"]
[Site "Buesum"]
[Date "2010.03.29"]
[Round "4"]
[White "Schluenz, Wolfgang"]
[Black "Recklies, Volker"]
[Result "1-0"]
[WhiteElo "1999"]
[BlackElo "1690"]
[PlyCount "75"]
[EventDate "2010.03.27"]
[EventType "swiss"]
[EventRounds "9"]
[EventCountry "GER"]
[SourceTitle "EXT 2023"]
[Source "ChessBase"]
[SourceDate "2022.10.05"]
[SourceVersion "1"]
[SourceVersionDate "2022.10.05"]
[SourceQuality "1"]

1. e4 c6 2. d4 d5 3. exd5 cxd5 4. Bd3 Nf6 5. Bg5 Qb6 6. Nc3 e6 7. Nf3 Nbd7 8. 0-0 Be7 9. Re1 h6 10. Bh4 0-0 11. Rb1 a6 12. Qd2 Qc7 13. g4 Bd6 14. Bxf6 Nxf6 15. Ne5 Nd7 16. Qe3 Bxe5 17. dxe5 f6 18. exf6 Nxf6 19. h3 Qf7 20. Na4 Ne4 21. Bxe4 dxe4 22. Nc5 Bd7 23. Nxd7 Qxd7 24. Qxe4 Rf6 25. Rbd1 Qc7 26. Re2 Raf8 27. Red2 R8f7 28. Kg2 Qa5 29. Qe5 Qxa2 30. Rd8+ Rf8 31. Rxf8+ Kxf8 32. Rd2 Qa4 33. Qb8+ Kf7 34. Qxb7+ Kg6 35. Rd7 Rxf2+ 36. Kxf2 Qxc2+ 37. Kg3 Kf6 38. Qf3+ 1-0

[Event "Schleswig Holstein-ch H 63rd"]
[Site "Gross Groenau"]
[Date "2008.03.20"]
[Round "8"]
[White "Millgramm, Stephan"]
[Black "Recklies, Volker"]
[Result "1/2-1/2"]
[WhiteElo "1692"]
[BlackElo "1656"]
[PlyCount "170"]
[EventDate "2008.03.15"]
[EventType "swiss"]
[EventRounds "9"]
[EventCountry "GER"]
[SourceTitle "EXT 2010"]
[Source "ChessBase"]
[SourceDate "2010.11.25"]
[SourceVersion "1"]
[SourceVersionDate "2010.11.25"]
[SourceQuality "1"]

1. c3 c5 2. Nf3 Nc6 3. d4 cxd4 4. cxd4 d5 5. Nc3 e6 6. Bf4 Bd6 7. Bxd6 Qxd6 8. e3 a6 9. a3 b5 10. b4 Nf6 11. Be2 0-0 12. h3 Bb7 13. 0-0 Ne4 14. Rc1 f5 15. Bd3 Rf6 16. Ne2 Rh6 17. Bxe4 dxe4 18. Nd2 e5 19. Nb3 Qg6 20. Kh2 Rf8 21. Nc5 Bc8 22. dxe5 Nxe5 23. Qd5+ Nf7 24. Nf4 Qd6 25. Rfd1 Qxd5 26. Nxd5 Rd6 27. Ne7+ Kh8 28. Rxd6 Nxd6 29. Rd1 Nc4 30. Nxc8 Rxc8 31. Nxa6 Nxa3 32. Rd5 g6 33. Rc5 Ra8 34. Nc7 Rc8 35. Rc3 Nb1 36. Rc1 Na3 37. Kg3 Kg8 38. Kf4 Kf7 39. Rc5 Rb8 40. Ke5 Nc4+ 41. Kd5 Rd8+ 42. Kc6 Na3 43. Nxb5 Nxb5 44. Kxb5 Rd2 45. Kc6 Rxf2 46. b5 f4 47. exf4 e3 48. Rc1 Rd2 49. Re1 e2 50. b6 Rc2+ 51. Kd5 Rb2 52. Kc5 Kf6 53. g4 h5 54. Kc6 Rc2+ 55. Kd6 Rb2 56. Kc7 Rc2+ 57. Kd6 Rb2 58. Kc5 hxg4 59. hxg4 Kf7 60. b7 Rxb7 61. Rxe2 Rd7 62. Re5 Rd1 63. g5 Rd2 64. Rd5 Re2 65. Rd7+ Ke6 66. Rg7 Kf5 67. Rf7+ Kg4 68. Kd5 Re1 69. Rf6 Rd1+ 70. Ke6 Kh5 71. Kf7 Rd7+ 72. Ke8 Ra7 73. Kf8 Rb7 74. Rf7 Rb8+ 75. Kg7 Ra8 76. Re7 Ra4 77. Rf7 Ra8 78. f5 gxf5 79. Rxf5 Ra7+ 80. Kf6 Ra6+ 81. Ke5 Ra5+ 82. Ke4 Ra4+ 83. Ke3 Rg4 84. Kf3 Rxg5 85. Rxg5+ Kxg5 1/2-1/2

[Event "Heider City-ch"]
[Site "Heider"]
[Date "2003.04.25"]
[Round "6.5"]
[White "Lorenzen, Klaus Peter"]
[Black "Recklies, Volker"]
[Result "1-0"]
[WhiteElo "1567"]
[BlackElo "1584"]
[PlyCount "95"]
[EventDate "2003.03.03"]
[EventType "swiss"]
[EventRounds "7"]
[EventCountry "GER"]
[SourceTitle "EXT 2004"]
[Source "ChessBase"]
[SourceDate "2003.11.25"]
[SourceVersion "1"]
[SourceVersionDate "2003.11.25"]
[SourceQuality "1"]

1. e4 e5 2. f4 exf4 3. Nf3 d5 4. exd5 Qxd5 5. Nc3 Qd8 6. d4 Bb4 7. Bxf4 Nf6 8. Qe2+ Be7 9. 0-0-0 0-0 10. h3 c6 11. g4 Re8 12. Qd3 Bd6 13. Ne5 Na6 14. a3 Nc7 15. Bg2 Be6 16. Rhf1 Nfd5 17. Be4 Nxf4 18. Bxh7+ Kh8 19. Rxf4 f6 20. Qg6 fxe5 21. dxe5 Bxe5 22. Rxd8 Bxf4+ 23. Rd2 Rad8 24. Ne4 Rd7 25. Qh5 Bh6 26. g5 Rxd2 27. Kxd2 Rd8+ 28. Ke1 Kxh7 29. gxh6 gxh6 30. Ng5+ Kg7 31. Nxe6+ Nxe6 32. Qe5+ Kf7 33. Qf5+ Ke7 34. Qh7+ Ke8 35. Qxb7 Nd4 36. Qh7 Nf3+ 37. Kf2 Nd4 38. Qh8+ Ke7 39. Qg7+ Ke8 40. Qg8+ Ke7 41. Qg7+ Ke8 42. Qxh6 Rd7 43. Qg6+ Kd8 44. h4 Re7 45. Qd3 Rd7 46. h5 Rf7+ 47. Ke3 Rf3+ 48. Kxd4 1-0

[Event "Heider City-ch"]
[Site "Heider"]
[Date "2003.04.04"]
[Round "4.5"]
[White "Kring, Kurt"]
[Black "Recklies, Volker"]
[Result "1/2-1/2"]
[WhiteElo "1599"]
[BlackElo "1584"]
[PlyCount "42"]
[EventDate "2003.03.03"]
[EventType "swiss"]
[EventRounds "7"]
[EventCountry "GER"]
[SourceTitle "EXT 2004"]
[Source "ChessBase"]
[SourceDate "2003.11.25"]
[SourceVersion "1"]
[SourceVersionDate "2003.11.25"]
[SourceQuality "1"]

1. d4 d5 2. c4 e6 3. cxd5 exd5 4. Nc3 g6 5. Nf3 Bg7 6. Bg5 Bf6 7. Bf4 c6 8. e4 dxe4 9. Nxe4 Be7 10. Be2 Bf5 11. Ng3 Bb4+ 12. Bd2 Bxd2+ 13. Qxd2 Ne7 14. 0-0 Nd7 15. Rfe1 Qc7 16. Bc4 Nb6 17. Rxe7+ Qxe7 18. Nxf5 Nxc4 19. Qc3 Qf6 20. Re1+ Kd8 21. Ng3 Nd6 1/2-1/2